Readings in general sociology (Record no. 1225)

MARC details
000 -LEADER
fixed length control field 00842cam a2200265 4500
001 - CONTROL NUMBER
control field 4071357
003 - CONTROL NUMBER IDENTIFIER
control field OSt
005 - DATE AND TIME OF LATEST TRANSACTION
control field 20230619105525.0
008 - FIXED-LENGTH DATA ELEMENTS--GENERAL INFORMATION
fixed length control field 690801s1969 maua b 001 0 eng
010 ## - LIBRARY OF CONGRESS CONTROL NUMBER
LC control number 70005203
040 ## - CATALOGING SOURCE
Original cataloging agency DLC
Transcribing agency DLC
Modifying agency DLC
050 00 - LIBRARY OF CONGRESS CALL NUMBER
Classification number HM51
Item number .O3 1969
082 00 - DEWEY DECIMAL CLASSIFICATION NUMBER
Classification number 301
Item number O'BR
100 1# - MAIN ENTRY--PERSONAL NAME
Personal name O'Brien, Robert W.
Fuller form of name (Robert William),
Dates associated with a name 1907-1991.
245 10 - TITLE STATEMENT
Title Readings in general sociology
Statement of responsibility, etc. [by] Robert W. O'Brien, Clarence C. Schrag [and] Walter T. Martin.
250 ## - EDITION STATEMENT
Edition statement 4th ed.
260 ## - PUBLICATION, DISTRIBUTION, ETC. (IMPRINT)
Place of publication, distribution, etc. Boston,
Name of publisher, distributor, etc. Houghton Mifflin
Date of publication, distribution, etc. [1969]
300 ## - PHYSICAL DESCRIPTION
Extent xii, 545 p.
Other physical details illus.
Dimensions 26 cm.
504 ## - BIBLIOGRAPHY, ETC. NOTE
Bibliography, etc Bibliographical footnotes.
650 #0 - SUBJECT ADDED ENTRY--TOPICAL TERM
Topical term or geographic name as entry element Sociology.
700 1# - ADDED ENTRY--PERSONAL NAME
Personal name Schrag, Clarence C.,
Dates associated with a name 1918-2009,
Relator term joint ed.
700 1# - ADDED ENTRY--PERSONAL NAME
Personal name Martin, Walter T.,
Relator term joint ed.
906 ## - LOCAL DATA ELEMENT F, LDF (RLIN)
a 7
b cbc
c orignew
d u
e ncip
f 19
g y-gencatlg
942 ## - ADDED ENTRY ELEMENTS (KOHA)
Source of classification or shelving scheme Dewey Decimal Classification
Koha item type Books
Holdings
Withdrawn status Lost status Source of classification or shelving scheme Damaged status Not for loan Home library Current library Date acquired Total Checkouts Full call number Barcode Date last seen Price effective from Koha item type
    Dewey Decimal Classification     County Hall Archives County Hall Archives 06/19/2023   301 O'BR 10000711 06/19/2023 06/19/2023 Books
LIBRARY OPENING HOURS

When the Parliament is sitting: 8.00a.m - 7.00p.m or until the house adjourns
Mondays and Fridays and when the House is on Recess:  8.00a.m - 5.00p.m
Closed on Weekends and Public Holidays

Online Public Access Catalog (OPAC)
Website: http://www.parliament.go.ke
Bunge Library: https://libraryir.parliament.go.ke
Contact: library@parliament.go.ke | Tel no: (254-2)2221291 or 2848000 Ext 5043